Gaming Quiz

Random Gaming or Video Games Quiz

Touhou Characters by Theme Song (TH6-TH14) Quiz Stats

 Plays Quiz not verified by Sporcle

Challenge
Share
Tweet
Score 0/67 Timer 20:00
0 Plays Today
Time Character % Correct
02:02-02:14Cirno
94.1%
01:37-01:49Sakuya Izayoi
92.8%
01:24-01:37Satori Komeiji
90.3%
00:48-01:00Eirin Yagokoro
85.2%
01:00-01:12Chen
84.2%
03:55-04:06Hong Meiling
82.9%
00:00-00:36Reimu Hakurei
82.4%
01:12-01:24Hina Kagiyama
82.2%
01:49-02:02Aya Shameimaru
82.2%
06:22-06:35Patchouli Knowledge
82%
09:24-09:36Flandre Scarlet
82%
02:57-03:09Ran Yakumo
81.5%
04:54-05:09Reisen Udongein Inaba
81.4%
02:14-02:27Keine Kamishirasawa
81.2%
10:11-10:25Remilia Scarlet
78.4%
05:45-05:57Parsee Mizuhashi
76.4%
09:36-09:49Prismriver Sisters
75.5%
03:45-03:55Mamizou Futatsuiwa
74.5%
13:05-13:18Yuyuko Saigyouji
74.3%
05:20-05:36Nitori Kawashiro
74%
07:53-08:04Nue Houjuu
73.8%
10:25-10:37Utsuho Reiuji
73.1%
03:09-03:21Yoshika Miyako
73%
13:31-13:44Rumia
72.5%
12:30-12:42Koishi Komeiji
72.2%
03:21-03:33Rin Kaenbyou
71.7%
07:18-07:29Mystia Lorelei
71.7%
02:47-02:57Shou Toramaru
71.3%
04:06-04:19Sanae Kochiya
70.8%
06:57-07:08Kanako Yasaka
69%
13:44-14:33Marisa Kirisame
68%
00:36-00:48Raiko Horikawa
67.5%
11:47-12:01Wriggle Nightbug
67.4%
12:12-12:30Eiki Shiki
67.4%
Time Character % Correct
06:11-06:22Shinmyoumaru Sukuna
67.1%
04:41-04:54Alice Margatroid
66.6%
08:32-08:44Letty Whiterock
66.2%
04:19-04:30Sekibanki
66.1%
08:56-09:09Kaguya Houraisan
65.9%
10:58-11:13Nazrin
65.1%
09:09-09:24Byakuren Hijiri
64.9%
03:33-03:45Yuuka Kazami
64.4%
07:08-07:18Komachi Onozuka
64.1%
04:30-04:41Ichirin Kumoi
62.3%
05:36-05:45Medicine Melancholy
62.1%
08:17-08:32Tenshi Hinanawi
61.9%
06:46-06:57Yamame Kurodani
61.8%
10:47-10:58Fujiwara Mokou
61.6%
08:44-08:56Yuugi Hoshiguma
60.8%
11:13-11:24Seija Kijin
60.8%
05:09-05:20Toyosatomimi no Miko
60.6%
07:29-07:41Kogasa Tatara
60.1%
02:27-02:37Kyouko Kasodani
60%
05:57-06:11Minamitsu Murasa
60%
11:35-11:47Minoriko Aki
59.6%
07:41-07:53Youmu Konpaku
58.5%
06:35-06:46Seiga Kaku
56.8%
09:49-10:02Suwako Moriya
53.5%
02:37-02:47Kagerou Imaizumi
53.2%
12:42-12:52Iku Nagae
52.9%
08:04-08:17Wakasagihime
52.1%
12:52-13:05Mononobe No Futo
52.1%
13:18-13:31Hata No Kokoro
51.1%
11:24-11:35Suika Ibuki
49.3%
12:01-12:12Benben & Yatsuhash Tsukumo
47.9%
10:02-10:11Tewi Inaba
43.3%
10:37-10:47Yukari Yakumo
42.3%

You're not logged in!

Compare scores with friends on all Sporcle quizzes.
Join for Free
OR
Log In

You Might Also Like...

Show Comments

Extras

Top Quizzes Today


Score Distribution

Your Account Isn't Verified!

In order to create a playlist on Sporcle, you need to verify the email address you used during registration. Go to your Sporcle Settings to finish the process.

Report this User

Report this user for behavior that violates our Community Guidelines.

Details: